000 00469nam a2200181Ia 4500
001 16972
005 20260306170350.0
008 260306t2001||||xx |||||||||||||| ||und||
041 _aESP
082 _a657.32
_bM26
100 _aMartínez Castillo, Aureliano
_eAUT
245 0 _aConsolidación de estados financieros:
_bFusiones y escisiones
260 _c2001
300 _a303 páginas :
_c23 cm.
650 _aGEN
654 _aCCO
942 _cLIB
_dJUS
_fJUS
_2ddc
_n
999 _c16972
_d16972